| 000 | 01171nam a22002657a 4500 | ||
|---|---|---|---|
| 001 | 2162214035926686 | ||
| 003 | UA-OsUOA | ||
| 005 | 20260318162129.0 | ||
| 008 | 260318b -uk||||| d||| 00| 0 eng d | ||
| 020 | _a9780194312851 | ||
| 040 |
_aUA-OsUOA _beng _cUA-OsUOA _dUA-OsUOA |
||
| 041 | _aeng | ||
| 080 | _a811.111(038) | ||
| 090 |
_a811.111(038) _bC86 |
||
| 100 |
_aCowie A. P. _92068 |
||
| 245 |
_aOxford Dictionary of Phrasal Verbs _cA. P. Cowie, R. Mackin |
||
| 250 | _aFifth impression | ||
| 260 |
_aOxford _bOxford University Press _c1997 |
||
| 300 | _a517 p. | ||
| 520 | _a"This is a completely revised and updated edition of the first volume of the Oxford Dictionary of Current Idiomatic English. It provides a comprehensive and detailed guide to the meaning and use of over 11,000 phrasal verbs. The dictionary includes clear explanations, illustrative examples of usage from contemporary sources, and detailed information on the grammatical patterns and collocations associated with each verb." | ||
| 650 |
_a81 Лінгвістика. Мовознавство. Мови _91918 |
||
| 700 | 1 |
_aMackin R. _924534 |
|
| 942 |
_cBK _2udc |
||
| 955 | _a7 | ||
| 999 |
_c277674 _d277674 |
||